Применение сканирующего нанотвердомера "Наноскан" для исследования тонких биосовместимых кальций-фосфатных покрытий, полученных ионно-плазменными методами; Перспективы развития фундаментальных наук

Detalhes bibliográficos
Parent link:Перспективы развития фундаментальных наук.— 2008.— С. 43-44
Outros Autores: Козельская А. И. Анна Ивановна (научный руководитель), Усеинов С. С., Салтымаков М. С. Максим Сергеевич, Швецов Е. Е. Егор Евгеньевич, Васильева Е. Ю., Твердохлебов С. И.
Idioma:russo
Publicado em: 2008
Assuntos:
Formato: MixedMaterials Capítulo de Livro
KOHA link:https://koha.lib.tpu.ru/cgi-bin/koha/opac-detail.pl?biblionumber=153838

MARC

LEADER 00000naa2a2200000 4500
001 153838
005 20250829122051.0
035 |a (RuTPU)RU\TPU\book\166883 
090 |a 153838 
100 |a 20090217d2008 k y0rusy50 ca 
101 0 |a rus 
102 |a RU 
200 1 |a Применение сканирующего нанотвердомера "Наноскан" для исследования тонких биосовместимых кальций-фосфатных покрытий, полученных ионно-плазменными методами  |f А. И. Козельская [и др.]  |g науч. рук. С. И. Твердохлебов 
320 |a Библиогр.: 2 назв. 
463 0 |0 (RuTPU)RU\TPU\book\161548  |t Перспективы развития фундаментальных наук  |o труды V Международной конференции студентов и молодых ученых, 20-23 мая 2008 г., Томск  |f Томский политехнический университет (ТПУ)  |v С. 43-44  |d 2008 
610 1 |a нанотвердомеры 
610 1 |a Наноскан 
610 1 |a покрытия 
610 1 |a биосовместимые покрытия 
610 1 |a кальций-фосфатные покрытия 
610 1 |a ионно-плазменные методы 
610 1 |a тонкоплёночные покрытия 
610 1 |a труды учёных ТПУ 
701 1 |a Козельская  |b А. И.  |c физик  |c научный сотрудник Томского политехнического университета, кандидат физико-математических наук  |f 1985-  |g Анна Ивановна  |3 (RuTPU)RU\TPU\pers\39662  |9 21043 
701 1 |a Усеинов  |b С. С. 
701 1 |a Салтымаков  |b М. С.  |c физик  |c младший научный сотрудник Томского политехнического университета  |f 1982-  |g Максим Сергеевич  |3 (RuTPU)RU\TPU\pers\30452 
701 1 |a Швецов  |b Е. Е.  |c физик  |c инженер Томского политехнического университета  |f 1987-  |g Егор Евгеньевич  |3 (RuTPU)RU\TPU\pers\30450 
701 1 |a Васильева  |b Е. Ю. 
702 1 |a Твердохлебов  |b С. И.  |4 727 
801 1 |a RU  |b 63413507  |c 20090217  |g PSBO 
801 2 |a RU  |b 63413507  |c 20171018  |g RCR 
942 |c BK